000 01041nam a2200253 u 4500
001 1871238
003 AM-YEHGA
005 20260413112430.0
008 221121s2022 ai ||||gr|||||||||0|arm|d
020 _a9789939892214
040 _aAM-YeHGA
041 0 _aarm
100 1 _aՀակոբյան, Պարույր Սիրեկանի
245 1 0 _aՏառապանքներով լեցուն կյանքիս մասին :
_bՀուշեր /
_cՊ.Ս. Հակոբյան ; ՀՀ ԳԱԱ, Պատմության ինստիտուտ.
260 _aԵրևան :
_bԱ. հ.,
_c2022-
300 _aմաս ;
_c20 սմ.
490 0 _aՄեսրոպ արք. Աշճեան ;
_v229.
505 0 0 _gՄ. 1 (2022; 248 էջ) ;
_gՄ. 2 (2023; 230 էջ)
650 1 4 _aՀայ հուշագրություն
_95766
650 1 4 _aԱզգագրություն
_zՀայաստան
710 2 _aՀայաստանի Հանրապետության գիտությունների ազգային ակադեմիա :
_bՊատմության ինստիտուտ
942 _2z
_cBK
_01
090 _c564168
999 _c526561
_d526561